Çanakkale mahşeri : (Record no. 15154)

MARC details
000 -BAŞLIK
Sabit Uzunlukta Kontrol Alanı 00657nam a22002177a 4500
999 ## - SİSTEM KONTROL NUMARALARI (KOHA)
Koha Biblionumber 15154
Koha Biblioitemnumber 15154
003 - KONTROL NUMARASI IDENTIFIER
Denetim Alanı MIRAKIL
005 - SON İŞLEM TARİHİ VE ZAMANI
Denetim Alanı 20230220124026.0
008 - SABİT-BOY VERİ ELEMANLARI - GENEL BİLGİLER
Sabit Uzunlukta Kontrol Alanı 230220b tu ||||| |||| 00| 0 tur d
020 ## - ULUSLARARASI STANDART KİTAP NUMARASI
Uluslararası Standart Kitap Numarası 9789754372762
040 ## - KATALOGLAMA KAYNAK
Orijinal Kataloglama Ajansı TR-AnCHP
Metne Dönüştürmek Ajansı TR-AnCHP
041 ## - DİL KODU
Metin / Ses Parça Veya Ayrı Başlığın Dil Kodu tur
082 ## - DEWEY ONLU SINIFLANDIRMA NUMARASI
Sınıflandırma Numarası 813.42
Ürün Numarası N59ç 2016
100 ## - ANA GİRİŞ - KİŞİSEL İSİM
Kişisel Ad Niyazi, Mehmet
245 10 - BAŞLIK TABLOSU
Başlık Çanakkale mahşeri :
Başlığın Kalan (roman) /
Sorumluluk Tablosu, Vb Mehmed Niyazi.
260 ## - YAYIN, DAĞITIM, VB
Yayın, Dağıtım, Vb Yeri İstanbul :
Yayıncı, Dağıtıcı, Vs Adı Ötüken Neşriyat,
Yayın, Dağıtım, Vb Tarihi 2016.
300 ## - FİZİKSEL TANIM
Kapsam 448 s. ;
Boyutlar 22 sm.
490 0# - SERİSİ TABLOSU
Seri Beyanı Ötüken Neşriyat ;
-- Edebi eserler ;
Hacim / Ardışık Tanımı yayın nu: 409.
-- 207.
650 #0 - KONU KATMA GİRİŞ - TOPİKAL DÖNEM
9 (RLIN) 19
Topikal Süreli Veya Coğrafi Ad Giriş Elemanı Türk edebiyatı
Genel Alt Bölümü Roman
650 #0 - KONU KATMA GİRİŞ - TOPİKAL DÖNEM
9 (RLIN) 5121
Topikal Süreli Veya Coğrafi Ad Giriş Elemanı Çanakkale savaşı
942 ## - EKLENDİ GİRİŞ ELEMANLARI (KOHA)
Sınıflandırma Veya Raf Düzeni Kaynak Dewey Decimal Classification
Koha Öğesi Türü Books
Holdings
Kalıcı Konum Mevcut Konum Edinme Tarihi Toplam Check-Out'Lar Tam Çağrı Numarası Barkod Tarih Son Görülme İtibaren Geçerli Fiyatlar Koha Öğesi Türü
CHP Kütüphanesi CHP Kütüphanesi 02/20/2023   813.42 N59ç 2016 020726 02/20/2023 02/20/2023 Books